000
00204 a2200097 4500
001
25355
100
_a
Meyer, L
245
_a
Atomic Energy in Industry
260
_a
_b
A T S
_c
1963
090
_c
17116
_d
17116
942
_a
NUST-CAE
_c
M
_c
7910
999
_c
260428
_d
260428